000 00680nam a22002297a 4500
003 OSt
005 20140310184444.0
008 131010t xxu||||| |||| 00| 0 eng d
020 _a078073005994
050 _aHD 5325
_b.D229 1996
100 _aDash, Joan
_918717
245 _aWe shall not be moved :
_bthe women's factory strike of 1909 /
_cJoan Dash.
260 _aNew York :
_bScholastic Inc.,
_c1996
300 _a165 p. :
_c20 cm.
521 _aG9
526 _c1170
650 _aWomen
_xHistory
_xEmployment
_927683
650 _aClothing workers
_xLabor unions
_xHistory
_927684
650 _aStrikes and lockouts
_918722
942 _2lcc
_cBK-SCHOLAS
999 _c34497
_d34497